La radiofonía : (Record no. 163798)

MARC details
000 -LEADER
campo de control de longitud fija 01552nam a2200349 i 4500
001 - NÚMERO DE CONTROL
campo de control 163798
003 - IDENTIFICADOR DE NÚMERO DE CONTROL
campo de control ES-MaACL
005 - FECHA Y HORA DE LA ÚLTIMA TRANSACCIÓN
campo de control 20250903063109.0
008 - DATOS DE LONGITUD FIJA--INFORMACIÓN GENERAL
campo de control de longitud fija 950206e1883 sp |r 001 0|spa
040 ## - FUENTE DE CATALOGACIÓN
Centro/agencia transcriptor ES-MaACL
080 ## - NÚMERO DE LA CLASIFICACIÓN DECIMAL UNIVERSAL
Número de la Clasificación Decimal Universal 654.165
080 ## - NÚMERO DE LA CLASIFICACIÓN DECIMAL UNIVERSAL
Número de la Clasificación Decimal Universal 621.396
080 ## - NÚMERO DE LA CLASIFICACIÓN DECIMAL UNIVERSAL
Número de la Clasificación Decimal Universal 539.16
100 1# - ENTRADA PRINCIPAL--NOMBRE DE PERSONA
Nombre de persona Rodríguez Mourelo, José,
Fechas asociadas al nombre 1859-1932
Término indicativo de función/relación Autor
9 (RLIN) 98691
245 13 - MENCIÓN DEL TÍTULO
Título La radiofonía :
Resto del título estudio de una nueva propiedad de las radiaciones /
Mención de responsabilidad, etc. por José Rodríguez Mourelo ; con una carta de Don José Echegaray ; y prólogo de Don José Rodríguez Carracido
260 ## - PUBLICACIÓN, DISTRIBUCIÓN, ETC.
Lugar de publicación, distribución, etc. Madrid :
Nombre del editor, distribuidor, etc. [s.n.],
Fecha de publicación, distribución, etc. 1883
Fabricante Imp. de Manuel G. Hernández)
300 ## - DESCRIPCIÓN FÍSICA
Extensión XV, 286 páginas ;
Dimensiones 18 cm
500 ## - NOTA GENERAL
Nota general Índice
505 0# - NOTA DE CONTENIDO CON FORMATO
Nota de contenido con formato Dedicatoria [a José Echegaray de Mourelo]. Carta de D. José Echegaray. Prólogo [de José Rodríguez Carracido]. Introducción; Precedentes; Hechos; Inducciones
530 ## - NOTA DISPONIBLE DE FORMULARIO FÍSICO ADICIONAL
Nota de formato físico adicional disponible Disponible en formato digital
650 #7 - PUNTO DE ACCESO ADICIONAL DE MATERIA--TÉRMINO DE MATERIA
Término de materia o nombre geográfico como elemento de entrada Radioteléfono
Fuente del encabezamiento o término embne
9 (RLIN) 136802
650 #7 - PUNTO DE ACCESO ADICIONAL DE MATERIA--TÉRMINO DE MATERIA
Término de materia o nombre geográfico como elemento de entrada Radiación
Fuente del encabezamiento o término embne
9 (RLIN) 242184
700 1# - ENTRADA AGREGADA--NOMBRE PERSONAL
Nombre de persona Echegaray, José,
Fechas asociadas al nombre 1832-1916
Término indicativo de función/relación Colaborador
9 (RLIN) 46526
700 1# - ENTRADA AGREGADA--NOMBRE PERSONAL
Nombre de persona Rodríguez Carracido, José,
Fechas asociadas al nombre 1856-1928
Término indicativo de función/relación Autor de introducción
9 (RLIN) 98407
700 1# - ENTRADA AGREGADA--NOMBRE PERSONAL
Nombre de persona Hernández, Manuel Ginés,
Fechas asociadas al nombre 1839-1892
Término indicativo de función/relación Impresor
9 (RLIN) 127890
752 ## - ENTRADA AGREGADA--NOMBRE JERÁRQUICO DEL LUGAR
País o entidad superior España -
Ciudad Madrid
852 4# - LOCALIZACIÓN
Ubicación ES-MaACL
Ubicación en estantería Sala Pecera Planta 2
Número de control de estantería F-10810
Encuadernación Pasta española
856 4# - LOCALIZACIÓN Y ACCESO ELECTRÓNICOS
Identificador Uniforme de Recursos <a href="https://bibliotecadigital.jcyl.es/es/consulta/registro.do?id=22778">https://bibliotecadigital.jcyl.es/es/consulta/registro.do?id=22778</a>
Texto de enlace Versión en línea
Nota pública (Biblioteca Digital de Castilla y León (BDCYL))
942 ## - ELEMENTOS DE ENTRADA SECUNDARIOS (KOHA)
Tipo de ítem Koha Libro impreso antiguo
Suprimir en OPAC No
Holdings
Estatus retirado Estado de pérdida Fuente del sistema de clasificación o colocación Estado de daño No para préstamo Colección Biblioteca de origen Biblioteca actual Ubicación en estantería Fecha de adquisición Número de control de estantería Total de préstamos Signatura topográfica completa Código de barras Visto por última vez Tipo de ítem Koha
    Clasificación decimal universal     Libros del s. XIX Biblioteca del Ateneo de Madrid Biblioteca del Ateneo de Madrid Sala Pecera Planta 2 17/01/2008 Ateneísta   F-10810 1171659 23/02/2023 Libro impreso antiguo